000 00479nam a2200193Ia 4500
008 101110s9999 xx 000 0 und d
041 _aMARATHI
082 _bSR2934
_a891.4609
100 _aKulkarni V.L.
245 _aVangamyin Drushti Ani Drushtikon
365 _b5
520 _aMarathi
546 _aMARATHI
630 _aVangamyin Drushti Ani Drushtikon
650 _aMarathi
655 _aMarathi
730 _aVangamyin Drushti Ani Drushtikon
942 _cBOOK
999 _c799628
_d799625